Tourism management and marketing / (Record no. 19543)
[ view plain ]
| 000 -LEADER | |
|---|---|
| fixed length control field | 01215nam a22002657a 4500 |
| 008 - FIXED-LENGTH DATA ELEMENTS--GENERAL INFORMATION | |
| fixed length control field | 081205t xxu||||| |||| 00| 0 eng d |
| 010 ## - LCCN (DPL NO) | |
| LC control number | ENG-92043-44 |
| 020 ## - INTERNATIONAL STANDARD BOOK NUMBER | |
| Terms of availability | 1600.00(set of 2 vols.) |
| International Standard Book Number | 9788184881066 (set) |
| 035 ## - SYSTEM CONTROL NUMBER | |
| System control number | EN-75576-77 |
| 037 ## - SOURCE OF ACQUISITION | |
| Source of stock number/acquisition | DBAD / PUB |
| 040 ## - CATALOGING SOURCE | |
| Original cataloging agency | dpl |
| Language of cataloging | English |
| 082 ## - DEWEY DECIMAL CLASSIFICATION NUMBER | |
| Classification number | 338.4791 |
| 245 ## - TITLE STATEMENT | |
| Title | Tourism management and marketing / |
| Statement of responsibility, etc | edited by Manpal Singh |
| 260 ## - PUBLICATION, DISTRIBUTION, ETC. (IMPRINT) | |
| Place of publication, distribution, etc | Mumbai |
| Name of publisher, distributor, etc | Himalaya Books |
| Date of publication, distribution, etc | 2008 |
| 270 ## - ADDRESS | |
| Address | Ramdoot, Dr, Bhalerao Marg, Girgaon, |
| City | Mumbai |
| Postal code | 400004 |
| 300 ## - PHYSICAL DESCRIPTION | |
| Extent | 2v. (ix, 318p.; ix, 329p.) |
| Dimensions | 22cm (Hb) |
| 500 ## - GENERAL NOTE | |
| General note | Includes bibliographical references |
| 500 ## - GENERAL NOTE | |
| General note | It is a set of 2 vols. and set price is Rs.1600.00 |
| 650 ## - SUBJECT ADDED ENTRY--TOPICAL TERM | |
| Topical term or geographic name as entry element | Tourism |
| General subdivision | Management |
| 650 ## - SUBJECT ADDED ENTRY--TOPICAL TERM | |
| Topical term or geographic name as entry element | Tourism |
| General subdivision | Marketing |
| 700 ## - ADDED ENTRY--PERSONAL NAME | |
| Personal name | Manpal, Singh |
| 942 ## - ADDED ENTRY ELEMENTS (KOHA) | |
| Source of classification or shelving scheme | Dewey Decimal Classification |
| Item type | English Books |
| Call number suffix | TOU |
| Classification part | 338.4791 |
| Withdrawn status | Lost status | Source of classification or shelving scheme | Materials specified (bound volume or other part) | Damaged status | Not for loan | Collection code | Home library | Current library | Date acquired | Source of acquisition | Cost, normal purchase price | Total Checkouts | Full call number | Barcode | Date last seen | Copy number | Cost, replacement price | Koha item type | Public note |
|---|---|---|---|---|---|---|---|---|---|---|---|---|---|---|---|---|---|---|---|
| Dewey Decimal Classification | v.1 | Not For Loan | Non-fiction | D.B.Act.Division | D.B.Act.Division | 05/12/2008 | DBAD / PUB | 1600.00 | 338.4791 TOU | EN-75576 | 05/12/2008 | 1 | 1600.00 | English Books | v.1 | ||||
| Dewey Decimal Classification | v.2 | Not For Loan | Non-fiction | D.B.Act.Division | D.B.Act.Division | 05/12/2008 | DBAD / PUB | 1600.00 | 338.4791 TOU | EN-75577 | 05/12/2008 | 1 | 1600.00 | English Books | v.2 |
